Football : Toulouse FC - Statistiques

Statistiques générales
  • Ce quiz a été pris 172 fois
  • Le résultat moyen est 13 sur 18
Statistiques - réponses
Questions Réponses % Correct
Que signifie le sigle TFC ? Toulouse Football Club
98%
Quel club de Gironde forme avec Toulouse le derby de la Garonne ? Girondins de Bordeaux
94%
Combien de championnats le club occitan a-t-il remporté ? 0
92%
Quel club de l'Hérault forme avec Toulouse le derby Occitan ? Montpellier HSC
92%
Quelles sont les couleurs emblématiques de Toulouse ? Violet et Blanc
90%
Comment s'appelle de stade de Toulouse ? Stadium Municipal
88%
En quelle année le TFC infligea une correction au FC Nantes pour remporter la Coupe de France ? 2023
87%
Quel jeune gardien prometteur tient les cages toulousaines depuis la saison 2023-2024 ? Guillaume Restes
87%
Quel attaquant a brillé sous le maillot du TFC avant de signer pour le FC Séville en 2016 ? Wissam Benyedder
87%
Quelle grande équipe anglaise le TFC a-t-il battu en Ligue Europa lors de la saison 2023-2024 ? Liverpool FC
86%
Quelle grande équipe italienne le TFC a-t-il éliminé en Coupe d'Europe dans les années 1980 ? Napoli
77%
Quel attaquant néerlandais a fait le bonheur du TFC avant de signer pour Bologne en 2024 ? Thijs Dallinga
76%
Quel attaquant de l'équipe de France a fini meilleur buteur de Ligue 1 en 2009 ? André-Pierre Gignac
73%
Quel gardien, désormais décédé possède une tribune à son nom ? Christophe Revault
64%
En quelle année a été fondé le TFC ? 1970
38%
Quel est le joueur le plus capé de l'histoire du TFC ? Dominique Arribagé
17%
Quel attaquant de pointe d'origine polonaise a porté les couleurs du TFC dans les années 1980 ? Yannick Stopyra
13%
Quel est le meilleur buteur de Toulouse ? Robert Pintenat
8%
Aucun quiz correspondant
Distribution des résultats
% des personnes avec chaque résultat
Percentile par nombre de réponses
Votre historique - résultats
Vous n’avez pas pris ce quiz